[Event "Bay Area International"]
[Site "?"]
[Date "2019.01.02"]
[Round "2"]
[White "Mont-Reynaud, Jordy"]
[Black "Liou, Yian"]
[Result "1/2-1/2"]
[WhiteElo "2241"]
[BlackElo "2412"]
[PlyCount "83"]
[EventDate "2019.??.??"]
[SourceVersionDate "2019.01.03"]

1. Nf3 d5 2. b3 c5 3. e3 Nf6 4. d4 g6 5. Bb2 Bg7 6. dxc5 Qa5+ 7. Nbd2 Qxc5 8.
a3 a5 9. c4 O-O 10. Rc1 Nc6 11. h3 Bf5 12. Nd4 Nxd4 13. exd4 Qc6 14. c5 Bh6 15.
Ra1 b6 16. g4 Bc8 17. Bg2 Ba6 18. Nf3 Qe6+ 19. Ne5 Nd7 20. c6 Nxe5 21. dxe5
Rad8 22. c7 Rd7 23. Qd4 Rc8 24. Rd1 Bb7 25. O-O Rcxc7 26. f4 Bg7 27. f5 Qc6 28.
Qf2 e6 29. Bd4 Qb5 30. b4 axb4 31. axb4 Rc4 32. h4 Qxb4 33. Rb1 Qa4 34. Rxb6
Rxd4 35. fxe6 fxe6 36. Rxe6 h6 37. Rxg6 Rxg4 38. Qf8+ Kh7 39. Rxg7+ Rdxg7 40.
Qf5+ Kh8 41. Qf8+ Kh7 42. Qf5+ 1/2-1/2

[Event "Bay Area International"]
[Site "?"]
[Date "2019.01.02"]
[Round "2"]
[White "Nagarajan, Pranav"]
[Black "Grabinsky, Aaron"]
[Result "1-0"]
[WhiteElo "2206"]
[BlackElo "2350"]
[PlyCount "123"]
[EventDate "2019.??.??"]
[SourceVersionDate "2019.01.03"]

1. c4 c5 2. Nf3 Nf6 3. Nc3 d6 4. g3 b6 5. Bg2 Bb7 6. O-O e6 7. d4 cxd4 8. Qxd4
Be7 9. Bg5 a6 10. Bxf6 Bxf6 11. Qf4 O-O 12. Rfd1 Be7 13. Ne4 Bxe4 14. Qxe4 Ra7
15. Nd4 Qc8 16. b3 Rc7 17. a4 Rc5 18. Qb1 g6 19. e3 Rd8 20. Ra2 Nd7 21. Rc2 Nf6
22. b4 Rc7 23. b5 axb5 24. axb5 Bf8 25. Nc6 Re8 26. Qa1 Nd7 27. Ra2 Nc5 28. Nd4
Qd8 29. Bc6 Ree7 30. Ra8 Rc8 31. Rxc8 Qxc8 32. Qa2 Rc7 33. Ra1 Bg7 34. Qc2 Qd8
35. Ra8 Rc8 36. Rxc8 Qxc8 37. Nb3 Nd7 38. Bxd7 Qxd7 39. Qa2 Be5 40. Qa8+ Kg7
41. Qb8 h5 42. h4 Qe7 43. Nd4 g5 44. Nf3 Bc3 45. Qxb6 g4 46. Nd4 d5 47. cxd5
Qf6 48. Ne2 Be1 49. e4 Qf3 50. Qe3 exd5 51. exd5 Qxd5 52. Qd4+ Qxd4 53. Nxd4
Ba5 54. Nc6 Bc7 55. Nb4 Kf8 56. Nd5 Be5 57. Kf1 Ke8 58. Ke2 Bd4 59. b6 Kd7 60.
b7 Be5 61. Nb4 Kc7 62. b8=Q+ 1-0

[Event "Bay Area International"]
[Site "?"]
[Date "2019.01.02"]
[Round "2"]
[White "O'Connor, Derek"]
[Black "Venkataraman, Karthik"]
[Result "1/2-1/2"]
[WhiteElo "2275"]
[BlackElo "2515"]
[PlyCount "117"]
[EventDate "2019.??.??"]
[SourceVersionDate "2019.01.03"]

1. d4 Nf6 2. c4 e6 3. Nc3 Bb4 4. Qc2 d6 5. Nf3 O-O 6. Bd2 c5 7. dxc5 dxc5 8. e3
Nc6 9. Be2 Qe7 10. O-O Rd8 11. a3 Ba5 12. Rfd1 Bc7 13. Ng5 h6 14. Nge4 Nxe4 15.
Qxe4 Bd7 16. f4 a6 17. Bf3 Rab8 18. b3 b5 19. cxb5 axb5 20. Qc2 f5 21. Be2 Na5
22. b4 cxb4 23. axb4 Nc6 24. Nxb5 Bb6 25. Qb3 Kh7 26. Kh1 e5 27. fxe5 Qxe5 28.
Bc3 Qxe3 29. Bc4 Qf4 30. Rf1 Qh4 31. Rad1 Bf2 32. Ba1 Bb6 33. h3 Ne7 34. Qb2
Qg5 35. Nd6 Be8 36. b5 Bh5 37. Nf7 Bxf7 38. Bxf7 Bc7 39. Rc1 Rd2 40. Qxd2 Qxd2
41. Rxc7 Qd6 42. Rcc1 Rxb5 43. Rfd1 Qb8 44. Re1 Qb7 45. Bh5 Qd7 46. Bf3 Rb6 47.
Rcd1 Rd6 48. Rb1 Nc6 49. Rb6 Nd8 50. Rbb1 Rd3 51. Rbc1 Ne6 52. Be5 Qd8 53. Bb7
Rb3 54. Bc8 Rb6 55. Ba1 Qd5 56. Re5 Rc6 57. Rxd5 Rxc1+ 58. Kh2 Rxc8 59. Rxf5
1/2-1/2

[Event "Bay Area International"]
[Site "?"]
[Date "2019.01.02"]
[Round "2"]
[White "Prohaszka, Peter"]
[Black "Balakrishnan, Praveen"]
[Result "1-0"]
[WhiteElo "2613"]
[BlackElo "2418"]
[PlyCount "81"]
[EventDate "2019.??.??"]
[SourceVersionDate "2019.01.03"]

1. d4 Nf6 2. c4 e6 3. g3 d5 4. Bg2 dxc4 5. Nf3 a6 6. O-O Nc6 7. e3 Bd7 8. Qe2
Bd6 9. Qxc4 O-O 10. Rd1 Rb8 11. b3 e5 12. Bb2 exd4 13. Nxd4 Nxd4 14. Qxd4 Re8
15. Nc3 Be5 16. Qd2 Bg4 17. f3 Bf5 18. e4 Bg6 19. Qxd8 Rbxd8 20. Na4 Bxb2 21.
Nxb2 Nd7 22. Rac1 c6 23. Nc4 Nf8 24. Na5 Rxd1+ 25. Rxd1 Rb8 26. Bh3 f6 27. Kf2
Be8 28. Nc4 Bf7 29. Nb6 Be6 30. Bxe6+ Nxe6 31. Rd6 Re8 32. b4 Kf7 33. Ke3 Rd8
34. Rxd8 Nxd8 35. Nd7 Ke7 36. Nc5 Kd6 37. Kd4 Ne6+ 38. Nxe6 Kxe6 39. Kc5 Ke5
40. Kb6 Kd4 41. Kxb7 1-0

[Event "Bay Area International"]
[Site "?"]
[Date "2019.01.02"]
[Round "2"]
[White "Quesada, Yuniesky"]
[Black "Kretchetov, Alexandre"]
[Result "1-0"]
[WhiteElo "2642"]
[BlackElo "2241"]
[PlyCount "115"]
[EventDate "2019.??.??"]
[SourceVersionDate "2019.01.03"]

1. e4 e5 2. Nf3 Nc6 3. Bb5 a6 4. Ba4 d6 5. c3 Bd7 6. d4 g6 7. O-O Bg7 8. Re1
Nf6 9. h3 O-O 10. Nbd2 Re8 11. Bc2 h6 12. Nf1 Nh5 13. Be3 Qe7 14. Qd2 g5 15. d5
Nb8 16. Ng3 Nf4 17. Nh2 a5 18. Bd1 a4 19. Bg4 Qf6 20. c4 Qg6 21. Qd1 Bxg4 22.
hxg4 Nd7 23. Nf5 Qf6 24. g3 Ng6 25. Kg2 Qd8 26. Nf1 Ne7 27. Nxe7+ Qxe7 28. Bd2
Nf8 29. Ne3 Ng6 30. Rc1 b6 31. Rh1 Qf8 32. Rc3 Ra7 33. Rh5 Ne7 34. Qe2 Rb8 35.
Rc1 Qe8 36. Bb4 Raa8 37. Rch1 f6 38. Qd1 Qg6 39. Qc2 Kh7 40. Bd2 Kg8 41. Qb1
Kf8 42. Nd1 b5 43. Ne3 bxc4 44. Nxc4 Rb5 45. Ne3 Qe8 46. Rxh6 Bxh6 47. Rxh6 Ng8
48. Rh8 Qg6 49. Nf5 Rab8 50. Qc2 Rc5 51. Qxa4 Qe8 52. Qd1 Qg6 53. b3 Ra8 54.
Be3 Rca5 55. Qc2 Rc8 56. a4 Kf7 57. Nxd6+ Kg7 58. Rxg8+ 1-0

[Event "Bay Area International"]
[Site "?"]
[Date "2019.01.02"]
[Round "2"]
[White "Ramirez, Alejandro"]
[Black "Shen, Christopher"]
[Result "1-0"]
[WhiteElo "2567"]
[BlackElo "2311"]
[PlyCount "83"]
[EventDate "2019.??.??"]
[SourceVersionDate "2019.01.03"]

1. b3 b6 2. Bb2 Bb7 3. Nf3 Nf6 4. g3 g6 5. Bg2 Bg7 6. O-O O-O 7. d4 e6 8. c4 d6
9. Qc2 c5 10. Rd1 Qe7 11. Nc3 Nc6 12. Rac1 Rfd8 13. e4 Nxd4 14. Nxd4 cxd4 15.
Rxd4 Ng4 16. Rdd1 f5 17. Qe2 Ne5 18. Ba3 a6 19. f4 Nf7 20. exf5 Bxg2 21. fxe6
Bc6 22. Nd5 Bxd5 23. exf7+ Qxf7 24. Rxd5 Re8 25. Qf3 Rad8 26. Rcd1 Qb7 27. Kf2
Qc8 28. Kg2 b5 29. Rxd6 Rxd6 30. Rxd6 bxc4 31. Qd5+ Kh8 32. bxc4 Qg4 33. Bc5 h6
34. Bf2 Kh7 35. c5 Qe2 36. Qd3 Qxd3 37. Rxd3 Re2 38. c6 Rc2 39. Rd7 h5 40. c7
Kh6 41. Kf3 Rc6 42. Bb6 1-0

[Event "Bay Area International"]
[Site "?"]
[Date "2019.01.02"]
[Round "2"]
[White "Ringoir, Tanguy"]
[Black "Yoo, Christopher"]
[Result "1/2-1/2"]
[WhiteElo "2516"]
[BlackElo "2388"]
[PlyCount "149"]
[EventDate "2019.??.??"]
[SourceVersionDate "2019.01.03"]

1. d4 Nf6 2. c4 g6 3. Nc3 d5 4. Bf4 Bg7 5. e3 c5 6. dxc5 Qa5 7. Rc1 dxc4 8.
Bxc4 O-O 9. Nge2 Qxc5 10. Qb3 Qa5 11. O-O Nc6 12. h3 Qh5 13. Rfd1 Na5 14. Qb4
Nxc4 15. Qxc4 Qa5 16. b4 Qb6 17. Nd4 Bd7 18. Be5 Rac8 19. Qb3 e6 20. a4 Rfd8
21. Nf3 Be8 22. Bd4 Qc7 23. Qb2 Qe7 24. b5 b6 25. Nb1 Nh5 26. Bxg7 Nxg7 27.
Nbd2 Rxc1 28. Rxc1 e5 29. Ne4 f6 30. a5 Ne6 31. axb6 axb6 32. g4 g5 33. Nfd2
Kg7 34. Ng3 Qd7 35. Rc6 Qxd2 36. Qxd2 Rxd2 37. Rxe6 Bg6 38. Rxb6 Rb2 39. Rb7+
Kf8 40. Kg2 Ke8 41. Kf3 Rb4 42. Rb6 Kf7 43. Nf5 Bxf5 44. gxf5 h5 45. Rb8 e4+
46. Kg3 Rb2 47. b6 Kg7 48. b7 Rb1 49. f3 exf3 50. Kxf3 Rb4 51. e4 Rb3+ 52. Ke2
Rb2+ 53. Kd3 g4 54. hxg4 hxg4 55. Ke3 g3 56. Rc8 Rxb7 57. Rc2 Rb3+ 58. Kf4 Kf7
59. Rg2 Kf8 60. Rxg3 Rxg3 61. Kxg3 Kg7 62. Kg4 Kg8 63. Kf3 Kf7 64. Kf2 Kf8 65.
Ke2 Ke8 66. Ke3 Ke7 67. Kd4 Kd6 68. e5+ fxe5+ 69. Ke4 Kd7 70. Kd5 Ke7 71. Kxe5
Kf7 72. f6 Kf8 73. Ke6 Ke8 74. f7+ Kf8 75. Kf6 1/2-1/2

[Event "Bay Area International"]
[Site "?"]
[Date "2019.01.02"]
[Round "2"]
[White "Saidy, Anthony"]
[Black "Polavaram, Rithik"]
[Result "0-1"]
[WhiteElo "2309"]
[BlackElo "2056"]
[PlyCount "79"]
[EventDate "2019.??.??"]
[SourceVersionDate "2019.01.03"]

1. d4 Nf6 2. c4 e6 3. Nc3 Bb4 4. e3 O-O 5. Nge2 d5 6. a3 Be7 7. cxd5 exd5 8. g3
c6 9. Bg2 Re8 10. O-O Bf5 11. f3 Bf8 12. g4 Bg6 13. Nf4 Na6 14. b4 Nc7 15. g5
Nd7 16. Nxg6 hxg6 17. f4 f5 18. Qd3 a6 19. h4 Nb6 20. h5 Kf7 21. hxg6+ Kxg6 22.
Ne2 Qd7 23. Ng3 Nc4 24. Bh3 Nd6 25. Qe2 Kf7 26. g6+ Kxg6 27. Qh5+ Kf6 28. Nxf5
Nxf5 29. Qg5+ Kf7 30. Bxf5 Qd6 31. Ra2 g6 32. Bd3 Be7 33. Qg4 Rh8 34. f5 g5 35.
f6 Bxf6 36. Raf2 Ke7 37. Qf5 Rh6 38. Rd1 Rah8 39. Kf1 Rh2 40. Rxh2 0-1

[Event "Bay Area International"]
[Site "?"]
[Date "2019.01.02"]
[Round "2"]
[White "Sathiaram, Sarvadh"]
[Black "Banik, Siddharth"]
[Result "0-1"]
[WhiteElo "2046"]
[BlackElo "2276"]
[PlyCount "64"]
[EventDate "2019.??.??"]
[SourceVersionDate "2019.01.03"]

1. e4 e5 2. Nf3 Nc6 3. Bc4 Nf6 4. Ng5 d5 5. exd5 Na5 6. d3 h6 7. Nf3 e4 8. Qe2
Nxc4 9. dxc4 Bc5 10. O-O O-O 11. Nfd2 Bg4 12. Qe1 Re8 13. Nb3 Bd6 14. h3 Bf5
15. Be3 Qd7 16. Bc5 Bf4 17. Qc3 e3 18. Bxe3 Ne4 19. Qe1 Nxf2 20. Nc5 Qc8 21.
Ne6 Bxe6 22. Bxf4 Nxh3+ 23. gxh3 Bxh3 24. Qg3 Bxf1 25. Kxf1 Qf5 26. Qf2 Qh3+
27. Kg1 Qg4+ 28. Bg3 h5 29. Qg2 Qd1+ 30. Qf1 Qg4 31. Qg2 Qd4+ 32. Bf2 Qxb2 0-1

[Event "Bay Area International"]
[Site "?"]
[Date "2019.01.02"]
[Round "2"]
[White "Shankar, Gauri"]
[Black "Gabuzyan, Hovhannes"]
[Result "0-1"]
[WhiteElo "2359"]
[BlackElo "2605"]
[PlyCount "78"]
[EventDate "2019.??.??"]
[SourceVersionDate "2019.01.03"]

1. d4 Nf6 2. Nf3 e6 3. Bf4 b6 4. e3 Bb7 5. Nbd2 g6 6. Be2 Bg7 7. O-O d6 8. c4
Nbd7 9. h3 O-O 10. Bh2 Qe7 11. b4 e5 12. d5 b5 13. e4 bxc4 14. Bxc4 c6 15. dxc6
Bxc6 16. Re1 a5 17. a3 Rfb8 18. Ng5 Rf8 19. Rc1 Bb7 20. Bb3 axb4 21. axb4 Bh6
22. h4 Rab8 23. Qf3 Ba8 24. Rc7 Rxb4 25. Qc3 Rbb8 26. Ra1 Bxg5 27. hxg5 Nxe4
28. Nxe4 Bxe4 29. Raa7 Qxg5 30. f3 Nc5 31. Rxc5 dxc5 32. fxe4 c4 33. Bd1 Rb1
34. Ra1 Rxa1 35. Qxa1 Rd8 36. Bf3 Qe3+ 37. Kh1 c3 38. Bxe5 c2 39. Bb2 Qxf3 0-1

[Event "Bay Area International"]
[Site "?"]
[Date "2019.01.02"]
[Round "2"]
[White "Somalwar, Anaiy"]
[Black "Peng, Shunkai"]
[Result "0-1"]
[WhiteElo "2069"]
[BlackElo "2285"]
[PlyCount "82"]
[EventDate "2019.??.??"]
[SourceVersionDate "2019.01.03"]

1. d4 Nf6 2. c4 e6 3. Nc3 Bb4 4. e3 b6 5. Nge2 Ba6 6. a3 Bxc3+ 7. Nxc3 d5 8. b3
O-O 9. Be2 Nc6 10. O-O dxc4 11. Bxc4 Bxc4 12. bxc4 e5 13. d5 Na5 14. Qd3 c6 15.
e4 Qd6 16. a4 Rfc8 17. Ba3 Qd7 18. Bb4 Nb7 19. Nb1 cxd5 20. exd5 e4 21. Qd4 Nd6
22. Bxd6 Qxd6 23. Nd2 Ng4 24. g3 Qh6 25. h4 f5 26. f3 exf3 27. Rxf3 Qd6 28. Kg2
g6 29. Re1 Re8 30. Rff1 Qa3 31. Kh3 Qxa4 32. d6 Qd7 33. Qd5+ Qf7 34. Qc6 Nf6
35. Rxe8+ Rxe8 36. c5 bxc5 37. Rb1 f4 38. Kg2 Qe6 39. Rf1 Nd5 40. Nc4 Qe4+ 41.
Rf3 Ne3+ 0-1

[Event "Bay Area International"]
[Site "?"]
[Date "2019.01.02"]
[Round "2"]
[White "Stearman, Josiah"]
[Black "Brown, Michael"]
[Result "0-1"]
[WhiteElo "2298"]
[BlackElo "2524"]
[PlyCount "92"]
[EventDate "2019.??.??"]
[SourceVersionDate "2019.01.03"]

1. e4 e5 2. Nf3 Nc6 3. Bc4 Nf6 4. d3 Be7 5. O-O O-O 6. Re1 d6 7. a4 Kh8 8. c3
Ng8 9. a5 a6 10. Qb3 f5 11. exf5 Rxf5 12. Nbd2 Nf6 13. Be6 Bxe6 14. Qxe6 Qd7
15. Qb3 Rb8 16. Nf1 Nh5 17. Ng3 Nxg3 18. hxg3 d5 19. g4 Rff8 20. Ra4 Bc5 21. g5
g6 22. Rh4 Qd6 23. Qa4 e4 24. d4 Ba7 25. Nh2 Ne5 26. dxe5 Bxf2+ 27. Kh1 Qe6 28.
Rexe4 dxe4 29. Rxe4 Rbd8 30. Be3 Bg3 31. Bd4 Kg8 32. b4 Qf5 33. Qb3+ Kg7 34.
Qb1 Qe6 35. Qd3 Rf4 36. Re2 Bxh2 37. Kxh2 Kg8 38. Re4 Rxe4 39. Qxe4 c6 40. Kg3
Rf8 41. Be3 Qd5 42. Qxd5+ cxd5 43. Bd4 Rf5 44. Kh4 Kf7 45. Kg4 Ke6 46. g3 Rf1
0-1

[Event "Bay Area International"]
[Site "?"]
[Date "2019.01.02"]
[Round "2"]
[White "Swiercz, Dariusz"]
[Black "Kavutskiy, Konstantin"]
[Result "1-0"]
[WhiteElo "2649"]
[BlackElo "2424"]
[PlyCount "69"]
[EventDate "2019.??.??"]
[SourceVersionDate "2019.01.03"]

1. e4 c5 2. Nf3 e6 3. d4 cxd4 4. Nxd4 Nc6 5. Nc3 Qc7 6. Be3 a6 7. Qf3 d6 8.
Nxc6 bxc6 9. O-O-O Nf6 10. Qg3 Rb8 11. Be2 h5 12. h4 Be7 13. Bc5 Qb7 14. Ba3 d5
15. Bxa6 Qb6 16. Na4 Qxa6 17. Qxb8 Bxa3 18. bxa3 O-O 19. Qb4 Nxe4 20. Nc5 Nxc5
21. Qxc5 e5 22. Rhe1 f6 23. Rd3 Bf5 24. Rb3 Qa4 25. g3 d4 26. f4 Bg6 27. fxe5
fxe5 28. Rxe5 Qa6 29. Kb2 d3 30. cxd3 Bxd3 31. Re7 Bg6 32. Rbb7 Kh8 33. Qd4 Rg8
34. a4 c5 35. Qc3 1-0

[Event "Bay Area International"]
[Site "?"]
[Date "2019.01.02"]
[Round "2"]
[White "Talyansky, Seth"]
[Black "Ampie, Mauro"]
[Result "1/2-1/2"]
[WhiteElo "2201"]
[BlackElo "2318"]
[PlyCount "95"]
[EventDate "2019.??.??"]
[SourceVersionDate "2019.01.03"]

1. e4 c5 2. Nf3 e6 3. d4 cxd4 4. Nxd4 Nc6 5. Nxc6 bxc6 6. Bd3 Nf6 7. O-O d5 8.
Nd2 Qc7 9. c4 Bd6 10. h3 O-O 11. Qc2 dxe4 12. Nxe4 Nxe4 13. Bxe4 f5 14. Bd3 e5
15. c5 Be7 16. f3 Be6 17. Be3 Qd7 18. Rad1 Bd5 19. Bf2 Qe6 20. b3 Rae8 21. Rfe1
Bd8 22. Bg3 Bc7 23. Qc3 Kh8 24. Rd2 Rf7 25. Rde2 e4 26. Bxc7 Rxc7 27. fxe4 fxe4
28. Bxe4 Bxe4 29. Rxe4 Qxe4 30. Rxe4 Rxe4 31. Qd3 Re8 32. Qd6 Rec8 33. h4 h6
34. b4 Rb7 35. a3 Rbc7 36. g4 Kg8 37. g5 hxg5 38. hxg5 Kf7 39. g6+ Ke8 40. Qe6+
Kf8 41. Qf5+ Ke8 42. Qe6+ Kf8 43. Qh3 Ke7 44. Qh4+ Ke6 45. Qf4 Rd7 46. Qg4+ Ke7
47. Qh4+ Ke6 48. Qg4+ 1/2-1/2

[Event "Bay Area International"]
[Site "?"]
[Date "2019.01.02"]
[Round "2"]
[White "Tarjan, James"]
[Black "Watson, John"]
[Result "1/2-1/2"]
[WhiteElo "2402"]
[BlackElo "2203"]
[PlyCount "48"]
[EventDate "2019.??.??"]
[SourceVersionDate "2019.01.03"]

1. c4 e5 2. g3 Nf6 3. Bg2 c6 4. d4 e4 5. Nc3 d5 6. cxd5 cxd5 7. Bg5 Nbd7 8. Qa4
Qb6 9. Qb3 Bb4 10. Nh3 a5 11. O-O Bxc3 12. bxc3 Qc6 13. f3 exf3 14. exf3 O-O
15. Rae1 b6 16. Re7 Ba6 17. Rfe1 Rfe8 18. Nf2 Rxe7 19. Rxe7 Re8 20. Rxe8+ Nxe8
21. Bh3 Ndf6 22. Bf5 h6 23. Bc1 Nd6 24. Bd3 Bc4 1/2-1/2

[Event "Bay Area International"]
[Site "?"]
[Date "2019.01.02"]
[Round "2"]
[White "Virtanen, Teemu"]
[Black "Yanayt, Eugene"]
[Result "0-1"]
[WhiteElo "2326"]
[BlackElo "2143"]
[PlyCount "61"]
[EventDate "2019.??.??"]
[SourceVersionDate "2019.01.03"]

1. c4 e5 2. g3 Nc6 3. Bg2 f5 4. Nc3 Nf6 5. d3 Bb4 6. e3 Bxc3+ 7. bxc3 O-O 8.
Ne2 d6 9. Rb1 Qe8 10. O-O Rb8 11. f3 e4 12. fxe4 fxe4 13. Nd4 Ne5 14. dxe4 Kh8
15. Qb3 Qh5 16. c5 Bh3 17. Qc2 Nfg4 18. Nf5 Nxh2 19. Bxh3 Nef3+ 20. Kg2 Nxf1
21. Qe2 Qxh3+ 22. Kxh3 Ng1+ 23. Kg2 Nxe2 24. Bb2 Nd2 25. Rd1 Nxe4 26. g4 N2xc3
27. Rc1 Rxf5 28. gxf5 Na4 29. cxd6 Nxb2 30. dxc7 Rc8 31. Rd1 0-1

[Event "Bay Area International"]
[Site "?"]
[Date "2019.01.02"]
[Round "2"]
[White "Wang, Justin"]
[Black "Negi, Parimarjan"]
[Result "0-1"]
[WhiteElo "2419"]
[BlackElo "2656"]
[PlyCount "108"]
[EventDate "2019.??.??"]
[SourceVersionDate "2019.01.03"]

1. e4 e5 2. Nf3 Nc6 3. Bb5 Nf6 4. O-O Nxe4 5. Re1 Nd6 6. Nxe5 Be7 7. Bf1 O-O 8.
d4 Nf5 9. Nf3 d5 10. c3 Bd6 11. Nbd2 Nce7 12. Ne5 c6 13. Ndf3 f6 14. Nd3 g5 15.
h3 Ng6 16. Nh2 Bc7 17. Be2 Qd6 18. Nf1 Ng7 19. b3 Bf5 20. a4 Rfe8 21. Ba3 Qd7
22. Nc5 Qc8 23. Ng3 Bxh3 24. gxh3 Bxg3 25. fxg3 Qxh3 26. Qd3 Nf4 27. gxf4 Re3
28. Bf1 Qg3+ 29. Kh1 Qh4+ 30. Kg1 Qg3+ 31. Kh1 Rxd3 32. Nxd3 Nf5 33. Ra2 Nh4
34. Rf2 Nf3 35. Rxf3 Qxf3+ 36. Kh2 gxf4 37. Bc1 Qg3+ 38. Kh1 Qh4+ 39. Kg2 Qg4+
40. Kh2 Qg3+ 41. Kh1 Qf3+ 42. Kh2 Kh8 43. Nxf4 Qf2+ 44. Ng2 Rg8 45. Rd1 Rg4 46.
Kh1 Rh4+ 47. Nxh4 Qxh4+ 48. Kg2 Qg4+ 49. Kf2 Qxd1 50. Be3 Qxb3 51. a5 Qxc3 52.
a6 b5 53. Bh3 Qc2+ 54. Kf3 b4 0-1

[Event "Bay Area International"]
[Site "?"]
[Date "2019.01.02"]
[Round "2"]
[White "Wang, Kevin"]
[Black "Ke, Ivan"]
[Result "0-1"]
[WhiteElo "2450"]
[BlackElo "2251"]
[PlyCount "114"]
[EventDate "2019.??.??"]
[SourceVersionDate "2019.01.03"]

1. d4 d5 2. Bf4 Nf6 3. e3 c5 4. dxc5 Nc6 5. Bb5 Qa5+ 6. Nc3 a6 7. Bxc6+ bxc6 8.
Qd4 e6 9. b4 Qa3 10. Bd6 Bxd6 11. cxd6 a5 12. b5 Qxd6 13. Nf3 cxb5 14. Nxb5 Qe7
15. O-O O-O 16. a4 Bb7 17. Ne5 Rfc8 18. Rfc1 Ne4 19. c4 Nc5 20. Rab1 f6 21. Nf3
Kh8 22. cxd5 Bxd5 23. Nd2 f5 24. h4 Kg8 25. Rc3 Ne4 26. Nxe4 Bxe4 27. Rbc1 Rxc3
28. Nxc3 Rc8 29. Rd1 Bc2 30. Rd2 Bb3 31. Qe5 Qc7 32. Qxc7 Rxc7 33. Nb5 Rc1+ 34.
Kh2 Bxa4 35. Rd8+ Kf7 36. Nd4 Rc5 37. Rd6 e5 38. Ne6 Rb5 39. Ng5+ Ke7 40. Ra6
Bb3 41. Ra7+ Kd6 42. Rxg7 a4 43. Rxh7 Ra5 44. Rb7 Bd5 45. Rb6+ Kc7 46. Rb1 a3
47. h5 a2 48. Ra1 Ra6 49. e4 fxe4 50. g4 Rb6 51. Kg3 Rb1 52. Rxa2 Bxa2 53. Nxe4
Kd7 54. Kh4 Ke7 55. Kg5 Rb6 56. Ng3 Bb1 57. h6 Kf7 0-1

[Event "Bay Area International"]
[Site "?"]
[Date "2019.01.02"]
[Round "2"]
[White "Wheeler, Cameron"]
[Black "Sevian, Samuel"]
[Result "1/2-1/2"]
[WhiteElo "2417"]
[BlackElo "2647"]
[PlyCount "64"]
[EventDate "2019.??.??"]
[SourceVersionDate "2019.01.03"]

1. Nf3 Nf6 2. c4 e6 3. g3 d5 4. d4 Bb4+ 5. Nc3 dxc4 6. Bg2 Nc6 7. O-O Rb8 8.
Qc2 O-O 9. Rd1 Be7 10. Qa4 Nb4 11. Qb5 a6 12. Qxc4 b5 13. Qb3 Bb7 14. Bg5 Nbd5
15. Ne5 Nxc3 16. bxc3 Bxg2 17. Kxg2 Qd6 18. c4 bxc4 19. Qxc4 Rb4 20. Qc6 Rxd4
21. Qxd6 Rxd6 22. Rxd6 cxd6 23. Nc6 Re8 24. Nxe7+ Rxe7 25. Rc1 h6 26. Bxf6 gxf6
27. Rc6 d5 28. Rxa6 Rb7 29. g4 Rb2 30. Kf3 Kg7 31. Ra7 Rc2 32. e3 e5 1/2-1/2

[Event "Bay Area International"]
[Site "?"]
[Date "2019.01.02"]
[Round "2"]
[White "Williams, Justus"]
[Black "Kung, Thomas"]
[Result "1-0"]
[WhiteElo "2316"]
[BlackElo "2133"]
[PlyCount "65"]
[EventDate "2019.??.??"]
[SourceVersionDate "2019.01.03"]

1. c4 e5 2. Nc3 Nf6 3. Nf3 Nc6 4. a3 d5 5. cxd5 Nxd5 6. Qc2 Be6 7. e3 a6 8. Be2
Bd6 9. O-O O-O 10. Rd1 Qe7 11. d4 exd4 12. exd4 h6 13. Bd3 Rfe8 14. Be4 Nxc3
15. bxc3 Na5 16. c4 Bxc4 17. Re1 Qf8 18. Bd2 Nb3 19. Qxc4 Nxa1 20. Qa2 Bxa3 21.
Qxa1 c6 22. Qb1 Re7 23. Ne5 Rd8 24. Qa2 Rxd4 25. Ng6 Rexe4 26. Nxf8 Rxe1+ 27.
Bxe1 Rd1 28. Qe2 Rb1 29. Nd7 g6 30. Qe4 Rd1 31. g3 Kh7 32. Nf6+ Kg7 33. Kg2 1-0

[Event "Bay Area International"]
[Site "?"]
[Date "2019.01.02"]
[Round "2"]
[White "Wu, Derek"]
[Black "Cline, John"]
[Result "1-0"]
[WhiteElo "2026"]
[BlackElo "2272"]
[PlyCount "89"]
[EventDate "2019.??.??"]
[SourceVersionDate "2019.01.03"]

1. d4 Nf6 2. c4 e6 3. Nc3 Bb4 4. Qc2 d5 5. cxd5 exd5 6. Bg5 h6 7. Bh4 c5 8.
dxc5 Be6 9. e3 Nbd7 10. Nf3 O-O 11. a3 Bxc5 12. Rd1 Rc8 13. Be2 a6 14. O-O Be7
15. Qb1 Qa5 16. Nd4 Bxa3 17. bxa3 Rxc3 18. Qxb7 Rxa3 19. Nc6 Qb6 20. Qxb6 Nxb6
21. Ra1 Rxa1 22. Rxa1 g5 23. Rxa6 gxh4 24. Rxb6 h3 25. Nd4 hxg2 26. Nxe6 fxe6
27. Rxe6 Kf7 28. Re5 Rd8 29. Kxg2 d4 30. Bc4+ Kg6 31. Bd3+ Kf7 32. e4 Rc8 33.
Rf5 Ke7 34. e5 Nd5 35. Kf3 Nb4 36. Ke4 Rc3 37. Rf3 Nc6 38. Rh3 Kf7 39. f4 Kg7
40. Rg3+ Kf7 41. Kd5 Ke7 42. f5 h5 43. f6+ Kf7 44. Bg6+ Kf8 45. Rxc3 1-0

[Event "Bay Area International"]
[Site "?"]
[Date "2019.01.02"]
[Round "2"]
[White "Wu, Rochelle"]
[Black "Colas, Joshua"]
[Result "0-1"]
[WhiteElo "2154"]
[BlackElo "2309"]
[PlyCount "62"]
[EventDate "2019.??.??"]
[SourceVersionDate "2019.01.03"]

1. d4 d5 2. c4 e6 3. Nc3 Nf6 4. Nf3 a6 5. Bg5 Be7 6. e3 O-O 7. Rc1 dxc4 8. Bxc4
b5 9. Bd3 Bb7 10. O-O Nbd7 11. Qe2 c5 12. Rfd1 c4 13. Bc2 b4 14. Nb1 Qa5 15.
Bxf6 Nxf6 16. Ne5 Rac8 17. Nd2 c3 18. bxc3 Rxc3 19. Bb3 Rfc8 20. Ndc4 Qb5 21.
Rxc3 bxc3 22. Qc2 a5 23. a4 Qa6 24. Qxc3 Bb4 25. Qb2 Bd5 26. Rc1 Ne4 27. Rc2 f6
28. Nb6 Rxc2 29. Qxc2 Bxb3 30. Qxe4 fxe5 31. Qc6 Bf8 0-1

[Event "Bay Area International"]
[Site "?"]
[Date "2019.01.02"]
[Round "2"]
[White "Ynojosa, Felix"]
[Black "Javakhadze, Zurabi"]
[Result "0-1"]
[WhiteElo "2368"]
[BlackElo "2449"]
[PlyCount "76"]
[EventDate "2019.??.??"]
[SourceVersionDate "2019.01.03"]

1. c4 e6 2. Nc3 d5 3. d4 a6 4. e3 Nf6 5. Nf3 b6 6. Ne5 Bb7 7. cxd5 exd5 8. Bd3
Bd6 9. f4 c5 10. Qf3 Nc6 11. Ne2 O-O 12. O-O Ne4 13. Rd1 Nb4 14. Bb1 f6 15. Ng4
c4 16. a3 Nd3 17. Bxd3 cxd3 18. Rxd3 Rc8 19. Nc3 Nxc3 20. bxc3 Qd7 21. Rb1 Qf5
22. Nf2 Rxc3 23. Qd1 Rfc8 24. g4 Qg6 25. a4 a5 26. h3 Rxd3 27. Nxd3 Ba6 28. f5
Qh6 29. Nf2 Qh4 30. Qf3 Rc2 31. Kg2 h5 32. Rb2 Be2 33. Qxd5+ Kh7 34. Qxd6 Bf1+
35. Kh1 Qxf2 36. Rxc2 Qxc2 37. Qg3 Qxc1 38. Kh2 Bd3 0-1

[Event "Bay Area International"]
[Site "?"]
[Date "2019.01.03"]
[Round "3"]
[White "Abrahamyan, Tatev"]
[Black "Free, Graham"]
[Result "1/2-1/2"]
[WhiteElo "2377"]
[BlackElo "2015"]
[PlyCount "127"]
[EventDate "2019.??.??"]
[SourceVersionDate "2019.01.03"]

1. e4 c6 2. d4 d5 3. Nc3 dxe4 4. Nxe4 Bf5 5. Ng3 Bg6 6. h4 h6 7. Nf3 Nd7 8. h5
Bh7 9. Bd3 Bxd3 10. Qxd3 e6 11. Bd2 Ngf6 12. O-O-O Be7 13. Kb1 Qb6 14. c4 O-O
15. Ne4 c5 16. Bc3 Nxe4 17. Qxe4 Nf6 18. Qe2 cxd4 19. Bxd4 Qc6 20. Ne5 Qe4+ 21.
Qxe4 Nxe4 22. g4 Rfd8 23. f3 Bc5 24. Bxc5 Nxc5 25. b4 Na4 26. Kc2 Nb6 27. Kb3
Kf8 28. a4 Ke7 29. a5 Nd7 30. Nd3 Rac8 31. Rhe1 Rc7 32. Rd2 Nb8 33. Red1 Rcd7
34. b5 a6 35. bxa6 bxa6 36. Kc3 Nc6 37. Nc5 Rxd2 38. Rxd2 Rxd2 39. Kxd2 Nxa5
40. Kd3 Nc6 41. Nxa6 Ne5+ 42. Ke4 Nxc4 43. Nc5 Nb6 44. Nd3 Nd5 45. Ne5 Nf6+ 46.
Kd4 Nd7 47. Nc6+ Kf6 48. Nd8 e5+ 49. Kd5 Nb6+ 50. Ke4 Nc4 51. Nc6 Nd2+ 52. Ke3
Nc4+ 53. Ke4 g6 54. hxg6 fxg6 55. Kd5 Nb6+ 56. Kd6 e4 57. fxe4 Nc4+ 58. Kd5
Ne3+ 59. Kd6 Nxg4 60. e5+ Nxe5 61. Nxe5 h5 62. Kd5 Kf5 63. Nxg6 Kxg6 64. Ke4
1/2-1/2